[Event "Helsinki We HSK Eero Book 100 5th"]
[Site "Helsinki"]
[Date "2010.??.??"]
[Round "1"]
[White "Tiinanen, Teemu"]
[Black "Hintikka, Eero"]
[Result "1-0"]
[WhiteElo "1965"]
[BlackElo "2112"]
[PlyCount "75"]
[EventDate "2010.??.??"]
[EventType "swiss"]
[EventRounds "5"]
[EventCountry "FIN"]
[SourceTitle "EXT 2022"]
[Source "ChessBase"]
[SourceDate "2021.10.06"]
[SourceVersion "1"]
[SourceVersionDate "2021.10.06"]
[SourceQuality "1"]

1. Nc3 d5 2. e4 d4 3. Nce2 e5 4. Nf3 f6 5. Ng3 Be6 6. Bb5+ c6 7. Ba4 d3 8. cxd3 Qxd3 9. Bc2 Qa6 10. d4 Nd7 11. Bd3 Bb4+ 12. Bd2 Qxd3 13. Bxb4 Qb5 14. Qd2 0-0-0 15. Qc3 Bg4 16. 0-0-0 Bxf3 17. gxf3 Nh6 18. b3 g6 19. a4 Qa6 20. d5 Nf7 21. Kb2 Rde8 22. Rd2 Nd8 23. Rhd1 Nb8 24. Nf1 b6 25. dxc6 Ndxc6 26. Rd6 b5 27. axb5 Qxb5 28. R1d5 Qxb4 29. Rxc6+ Nxc6 30. Qxc6+ Kb8 31. Rb5+ Qxb5 32. Qxb5+ Kc7 33. Ne3 Re6 34. Qc5+ Kb7 35. Nc4 Rd8 36. Na5+ Ka8 37. Qc7 Rb8 38. Nc6 1-0

[Event "Espoo We MatSK op 6th"]
[Site "Espoo"]
[Date "2010.??.??"]
[Round "2"]
[White "Tiinanen, Teemu"]
[Black "Makinen, Ilkka"]
[Result "0-1"]
[WhiteElo "1965"]
[BlackElo "2179"]
[PlyCount "54"]
[EventDate "2010.??.??"]
[EventType "swiss"]
[EventRounds "5"]
[EventCountry "FIN"]
[SourceTitle "EXT 2022"]
[Source "ChessBase"]
[SourceDate "2021.10.06"]
[SourceVersion "1"]
[SourceVersionDate "2021.10.06"]
[SourceQuality "1"]

1. Nc3 d5 2. e4 d4 3. Nce2 g6 4. f4 Bg7 5. Nf3 c5 6. Ng3 e6 7. Bb5+ Bd7 8. Bxd7+ Nxd7 9. 0-0 h5 10. e5 Nh6 11. b4 0-0 12. bxc5 Nxc5 13. d3 h4 14. Ne2 Nf5 15. Rb1 Qd5 16. Rb4 a5 17. Rb5 Rfd8 18. c4 dxc3 19. d4 Bf8 20. Nxc3 Qc4 21. Bb2 Nxd4 22. Rb6 Nxf3+ 23. Qxf3 Rd3 24. Qg4 Rxc3 25. Bxc3 Ne4 26. Rxb7 Bc5+ 27. Kh1 Qxf1# 0-1

[Event "Helsinki We HSL 7th"]
[Site "Helsinki"]
[Date "2010.??.??"]
[Round "1"]
[White "Tiinanen, Teemu"]
[Black "Parkkinen, Jyrki"]
[Result "1/2-1/2"]
[WhiteElo "1965"]
[BlackElo "2219"]
[PlyCount "90"]
[EventDate "2010.??.??"]
[EventType "swiss"]
[EventRounds "5"]
[EventCountry "FIN"]
[SourceTitle "EXT 2022"]
[Source "ChessBase"]
[SourceDate "2021.10.06"]
[SourceVersion "1"]
[SourceVersionDate "2021.10.06"]
[SourceQuality "1"]

1. Nc3 d5 2. e4 dxe4 3. Nxe4 Nf6 4. Nxf6+ exf6 5. d4 Bd6 6. Bd3 0-0 7. Ne2 Re8 8. 0-0 Nd7 9. Bf4 Nf8 10. Qd2 b6 11. Bb5 Bd7 12. Bxd7 Qxd7 13. Rfe1 Rad8 14. Rad1 Qf5 15. c3 Rxe2 16. Qxe2 Qxf4 17. g3 Qf5 18. Qa6 Qd5 19. c4 Qa8 20. a3 c6 21. c5 bxc5 22. dxc5 Bxc5 23. Rxd8 Qxd8 24. Qxc6 Qd2 25. Rf1 Bb6 26. b4 Qb2 27. Qf3 h6 28. Re1 Ng6 29. Re2 Qc1+ 30. Kg2 Qg5 31. Re8+ Kh7 32. Qe4 f5 33. h4 Qf6 34. Qa8 h5 35. Qd5 Kh6 36. Qd2+ f4 37. Re4 Nxh4+ 38. Kf1 Ng6 39. gxf4 Qf5 40. Rc4 h4 41. a4 a5 42. bxa5 Bxa5 43. Qe3 Bb6 44. Qxb6 Qd3+ 45. Kg1 Qxc4 1/2-1/2

[Event "FIN-chT1A 0910"]
[Site "Finland"]
[Date "2009.09.19"]
[Round "2.4"]
[White "Tiinanen, Teemu"]
[Black "Raisanen, Kim"]
[Result "0-1"]
[WhiteElo "1967"]
[BlackElo "2148"]
[PlyCount "70"]
[EventDate "2009.09.19"]
[EventType "team-tourn"]
[EventRounds "7"]
[EventCountry "FIN"]
[SourceTitle "EXT 2022"]
[Source "ChessBase"]
[SourceDate "2021.10.06"]
[SourceVersion "1"]
[SourceVersionDate "2021.10.06"]
[SourceQuality "1"]
[WhiteTeam "Helsinki HSK III"]
[BlackTeam "Espoo MatSK II"]
[WhiteTeamCountry "FIN"]
[BlackTeamCountry "FIN"]

1. e4 c5 2. Nc3 d6 3. g3 g6 4. Bg2 Bg7 5. d3 Nc6 6. Be3 e6 7. Qd2 Nge7 8. Bh6 Bxh6 9. Qxh6 Nd4 10. Qd2 Qa5 11. f4 Nec6 12. Nf3 Bd7 13. 0-0 Nxf3+ 14. Bxf3 Nd4 15. Bg2 0-0 16. f5 exf5 17. Qh6 Be6 18. Bh3 c4 19. Rae1 Qc5 20. Kh1 Rfe8 21. Rf4 Qe5 22. Rff1 Qg7 23. Qd2 cxd3 24. cxd3 Bd7 25. Nd5 Bc6 26. Nc7 fxe4 27. dxe4 Rxe4 28. Bg2 Rxe1 29. Rxe1 Nf3 30. Bxf3 Bxf3+ 31. Kg1 Rc8 32. Qf4 Qxb2 33. Qxf3 Qb6+ 34. Qe3 Qxe3+ 35. Rxe3 Rxc7 0-1